| 000 -LEADER |
| fixed length control field |
01414nam a22001577a 4500 |
| 008 - FIXED-LENGTH DATA ELEMENTS--GENERAL INFORMATION |
| fixed length control field |
240830b ||||| |||| 00| 0 eng d |
| 100 ## - MAIN ENTRY--PERSONAL NAME |
| Personal name |
Kolge, N., Debnath, B. and Lenin, C.C. |
| 245 ## - TITLE STATEMENT |
| Title |
Gandhi’s Satyagraha in South Africa: A less than accurate account of Gandhi’s struggle in south Africa |
| 260 ## - PUBLICATION, DISTRIBUTION, ETC. (IMPRINT) |
| Place of publication, distribution, etc |
Madhya Pradesh Journal of Social Sciences |
| 300 ## - PHYSICAL DESCRIPTION |
| Extent |
28(2), Dec, 2023: p.33-43 |
| 520 ## - SUMMARY, ETC. |
| Summary, etc |
Mahatma Gandhi, while writing a historical account of his Satyagraha in South Africa (SSA), makes two claims – first, that he didn’t compromise with the style of writing and factual accuracy, and second, that his Satyagraha was a religious and a non-violent phenomenon from its very inception. The present paper examines his first claim by pointing out the discrepancies between Gandhi’s writings during his conduct of Satyagraha in South African soil from 1906 to 1914 and what he later wrote in SSA in 1924 to argue that Gandhi was less than accurate in narrating the events of his struggle in South Africa in SSA.- Reproduced |
| 650 ## - SUBJECT ADDED ENTRY--TOPICAL TERM |
| Topical term or geographic name as entry element |
Gandhi’s Satyagraha, South Africa, Historical Accuracy, Non-Violent Resistance, Religious Dimensions, Discrepancies in Narratives, Gandhi’s Writings, 1906–1914, SSA 1924, Political Biography, Truth Claims, Revisionist History |
| 9 (RLIN) |
57655 |
| 773 ## - HOST ITEM ENTRY |
| Main entry heading |
Madhya Pradesh Journal of Social Sciences |
| 906 ## - LOCAL DATA ELEMENT F, LDF (RLIN) |
| Subject DIP |
GANDHI. M.K. |
| 942 ## - ADDED ENTRY ELEMENTS (KOHA) |
| Item type |
Articles |